Shopper marketing: cesta budovania konkurenčnej výhody v maloobchodnej prevádzke
Aktuálne trendy v maloobchode a nákupnom správaní zákazníkov ako východiská pre rozvoj shopper marketingu, ako aj objasnenie jeho podstaty a prínosov pre marketingovú prax.
Guardado en:
| Autor principal: | |
|---|---|
| Formato: | Capítulo de libro |
| Lenguaje: | eslovaco |
| Materias: | |
| Etiquetas: |
Sin Etiquetas, Sea el primero en etiquetar este registro!
|
MARC
| LEADER | 00000nla$a2200000$$$4500 | ||
|---|---|---|---|
| 001 | 0147777 | ||
| 005 | 20240502072651.5 | ||
| 041 | 0 | |a slo | |
| 044 | |a SK | ||
| 245 | 1 | 0 | |a Shopper marketing: cesta budovania konkurenčnej výhody v maloobchodnej prevádzke |c Veronika Fogašová |
| 520 | |a Aktuálne trendy v maloobchode a nákupnom správaní zákazníkov ako východiská pre rozvoj shopper marketingu, ako aj objasnenie jeho podstaty a prínosov pre marketingovú prax. | ||
| 610 | 2 | 0 | |a marketing |
| 610 | 2 | 0 | |a obchod |
| 610 | 2 | 0 | |a maloobchod |
| 610 | 2 | 0 | |a výhody konkurenčné |
| 610 | 2 | 0 | |a správanie spotrebiteľa |
| 100 | 1 | |a Fogašová, Veronika | |